000 00955nam a2200313 a 4500
003 AR-BaBNM
005 20251128204933.0
008 082120s2002 ||||||||||||||000 | spa||
020 _a950-16-6109-1
040 _cAR-BaBNM
100 1 _aMarbach, Perla
245 0 0 _aTaller de informática
_b¿qué es y qué podemos hacer con una computadora?. 1
260 _aBuenos Aires
_bTroquel
_c1993
300 _a56 p.
_bil., gráfs., tablas
490 0 _aCuadernos taller
500 _aContiene cuadros sinópticos, actividades de aplicación y glosario: p. 55-56
650 4 _aENSEÑANZA DE LA INFORMATICA
650 4 _aCOMPUTADORAS
650 4 _aPROGRAMAS INFORMATICOS
650 4 _aPROCESAMIENTO DE DATOS
650 4 _aLENGUAJES DE COMPUTACION
650 4 _aGRUPOS DE TRABAJO
650 4 _aDINAMICA DE GRUPO
650 4 _aACTIVIDADES DE APRENDIZAJE
700 1 _aFreud, Clara
700 1 _aSpector, Eva
942 _cBK
998 _cGrace
999 _c9404
_d9404